000 00404nmm a2200145Ia 4500
008 251105s9999||||xx |||||||||||||||||und||
041 _aspa
100 _aBenedetti, Mario
245 0 _aLa muerte
264 _a[Santiago de Chile, Chile] :
_bPatagonia,
_c2014
300 _a14 páginas
650 _aLatin American narrative
856 _uhttps://public.digitaliapublishing.com/a/38479
942 _cCF
999 _c105251
_d105251